Communication Management in Software Project
Plnenie úloh v organizáciách pomocou projektového prístupu. Realizácia riadenia a komunikácia manažmentu. Návrh jednoduchej komunikácie podľa softvérového kódu pre veľký projekt IT, pri ktorom sú distribuovaní účastníci tímov na rôznych miestach.
Salvato in:
| Autore principale: | |
|---|---|
| Altri autori: | , |
| Natura: | Capitolo di libro |
| Lingua: | inglese |
| Soggetti: | |
| Tags: |
Nessun Tag, puoi essere il primo ad aggiungerne!!
|
MARC
| LEADER | 00000naa a2200000 4500 | ||
|---|---|---|---|
| 001 | 0239850 | ||
| 005 | 20240502083643.6 | ||
| 041 | 0 | |a eng | |
| 044 | |a TW | ||
| 245 | 1 | 0 | |a Communication Management in Software Project |c Viliam Malcher, Andrea Studeničová, Janka Pásztorová |
| 520 | |a Plnenie úloh v organizáciách pomocou projektového prístupu. Realizácia riadenia a komunikácia manažmentu. Návrh jednoduchej komunikácie podľa softvérového kódu pre veľký projekt IT, pri ktorom sú distribuovaní účastníci tímov na rôznych miestach. | ||
| 610 | 2 | 0 | |a softvér |
| 610 | 2 | 0 | |a projekty |
| 610 | 2 | 0 | |a technológie informačné |
| 610 | 2 | 0 | |a technológie komunikačné |
| 610 | 2 | 0 | |a komunikácia manažérska |
| 100 | 1 | |a Malcher, Viliam | |
| 700 | 1 | |a Studeničová, Andrea | |
| 700 | 1 | |a Pásztorová, Janka, 1960- | |